000 00578nam a2200217Ia 4500
003 OSt
005 20220928144530.0
006 a|||||r|||| 00| 0
007 ta
008 220927b |||||||| |||| 00| 0 eng d
024 _a71438
037 _cTextual
040 _aSDCL
_cSDCL
_beng
041 _2eng
_aeng
082 _aX:75.2'N85t5:g, M9
100 _aAdiseshiah Malcolm S
_9494832
245 0 _aMid year review of the economy,1988-89.
260 _c1989
942 _hX:75.2'N85t5:g, M9
_cTEXL
_2CC
999 _c827616
_d827616